<?xml version="1.0" encoding="UTF-8"?>
<collection xmlns="http://www.loc.gov/MARC21/slim">
<record>
  <controlfield tag="001">366142</controlfield>
  <controlfield tag="005">20260323092252.0</controlfield>
  <datafield tag="024" ind1="7" ind2=" ">
    <subfield code="a">10.1038/s41467-026-68779-5</subfield>
    <subfield code="2">doi</subfield>
  </datafield>
  <datafield tag="024" ind1="7" ind2=" ">
    <subfield code="a">10.15120/GSI-2026-00410</subfield>
    <subfield code="2">datacite_doi</subfield>
  </datafield>
  <datafield tag="024" ind1="7" ind2=" ">
    <subfield code="a">pmid:41611696</subfield>
    <subfield code="2">pmid</subfield>
  </datafield>
  <datafield tag="024" ind1="7" ind2=" ">
    <subfield code="a">WOS:001675115500001</subfield>
    <subfield code="2">WOS</subfield>
  </datafield>
  <datafield tag="037" ind1=" " ind2=" ">
    <subfield code="a">GSI-2026-00410</subfield>
  </datafield>
  <datafield tag="041" ind1=" " ind2=" ">
    <subfield code="a">English</subfield>
  </datafield>
  <datafield tag="082" ind1=" " ind2=" ">
    <subfield code="a">500</subfield>
  </datafield>
  <datafield tag="100" ind1="1" ind2=" ">
    <subfield code="a">Xu, Jingyan</subfield>
    <subfield code="0">0000-0003-0688-5404</subfield>
    <subfield code="b">0</subfield>
  </datafield>
  <datafield tag="245" ind1=" " ind2=" ">
    <subfield code="a">Quantum magnetic J-oscillators</subfield>
  </datafield>
  <datafield tag="260" ind1=" " ind2=" ">
    <subfield code="a">[London]</subfield>
    <subfield code="c">2026</subfield>
    <subfield code="b">Springer Nature</subfield>
  </datafield>
  <datafield tag="336" ind1="7" ind2=" ">
    <subfield code="a">article</subfield>
    <subfield code="2">DRIVER</subfield>
  </datafield>
  <datafield tag="336" ind1="7" ind2=" ">
    <subfield code="a">Output Types/Journal article</subfield>
    <subfield code="2">DataCite</subfield>
  </datafield>
  <datafield tag="336" ind1="7" ind2=" ">
    <subfield code="a">Journal Article</subfield>
    <subfield code="b">journal</subfield>
    <subfield code="m">journal</subfield>
    <subfield code="0">PUB:(DE-HGF)16</subfield>
    <subfield code="s">1771855466_200216</subfield>
    <subfield code="2">PUB:(DE-HGF)</subfield>
  </datafield>
  <datafield tag="336" ind1="7" ind2=" ">
    <subfield code="a">ARTICLE</subfield>
    <subfield code="2">BibTeX</subfield>
  </datafield>
  <datafield tag="336" ind1="7" ind2=" ">
    <subfield code="a">JOURNAL_ARTICLE</subfield>
    <subfield code="2">ORCID</subfield>
  </datafield>
  <datafield tag="336" ind1="7" ind2=" ">
    <subfield code="a">Journal Article</subfield>
    <subfield code="0">0</subfield>
    <subfield code="2">EndNote</subfield>
  </datafield>
  <datafield tag="500" ind1=" " ind2=" ">
    <subfield code="a">This work was supported by the Alexander von Humboldt Foundation in the framework of the Sofja Kovalevskaja Award and in part by the Deutsche Forschungsgemeinschaft (DFG, German Research Foundation) in the framework of the collaborative research center “Defects and Defect Engineering in Soft Matter” (SFB1552) under Project No. 465145163 and under the DFG/ANR grant BU 3035/24-1. The publication is funded by the Open Access Publishing Fund of GSI Helmholtzzentrum für Schwerionenforschung.""This article is licensed under a Creative Commons Attribution 4.0 International License, which permits use, sharing, adaptation, distribution and reproduction in any medium or format, as long as you give appropriate credit to the original author(s) and the source, provide a link to the Creative Commons licence, and indicate if changes were made. The images or other third party material in this article are included in the article's Creative Commons licence, unless indicated otherwise in a credit line to the material. If material is not included in the article's Creative Commons licence and your intended use is not permitted by statutory regulation or exceeds the permitted use, you will need to obtain permission directly from the copyright holder. To view a copy of this licence, visit http://creativecommons.org/licenses/by/4.0/.</subfield>
  </datafield>
  <datafield tag="536" ind1=" " ind2=" ">
    <subfield code="a">899 - ohne Topic (POF4-899)</subfield>
    <subfield code="0">G:(DE-HGF)POF4-899</subfield>
    <subfield code="c">POF4-899</subfield>
    <subfield code="f">POF IV</subfield>
    <subfield code="x">0</subfield>
  </datafield>
  <datafield tag="536" ind1=" " ind2=" ">
    <subfield code="a">DFG project G:(GEPRIS)465145163 - SFB 1552: Defekte und Defektkontrolle in weicher Materie (465145163)</subfield>
    <subfield code="0">G:(GEPRIS)465145163</subfield>
    <subfield code="c">465145163</subfield>
    <subfield code="x">1</subfield>
  </datafield>
  <datafield tag="536" ind1=" " ind2=" ">
    <subfield code="a">DFG project G:(GEPRIS)491382106 - Open-Access-Publikationskosten / 2025-2027 / GSI Helmholtzzentrum für Schwerionenforschung (491382106)</subfield>
    <subfield code="0">G:(GEPRIS)491382106</subfield>
    <subfield code="c">491382106</subfield>
    <subfield code="x">2</subfield>
  </datafield>
  <datafield tag="588" ind1=" " ind2=" ">
    <subfield code="a">Dataset connected to CrossRef, Journals: repository.gsi.de</subfield>
  </datafield>
  <datafield tag="693" ind1=" " ind2=" ">
    <subfield code="a">theory</subfield>
    <subfield code="e">no experiment theory work (theory)</subfield>
    <subfield code="1">EXP:(DE-Ds200)theory-20200803</subfield>
    <subfield code="0">EXP:(DE-Ds200)no_experiment-20200803</subfield>
    <subfield code="5">EXP:(DE-Ds200)no_experiment-20200803</subfield>
    <subfield code="x">0</subfield>
  </datafield>
  <datafield tag="700" ind1="1" ind2=" ">
    <subfield code="a">Kircher, Raphael</subfield>
    <subfield code="0">0000-0002-7980-7995</subfield>
    <subfield code="b">1</subfield>
  </datafield>
  <datafield tag="700" ind1="1" ind2=" ">
    <subfield code="a">Tretiak, Oleg</subfield>
    <subfield code="0">0000-0002-7667-2933</subfield>
    <subfield code="b">2</subfield>
  </datafield>
  <datafield tag="700" ind1="1" ind2=" ">
    <subfield code="a">Budker, Dmitry</subfield>
    <subfield code="0">P:(DE-Ds200)OR13031</subfield>
    <subfield code="b">3</subfield>
    <subfield code="u">gsi</subfield>
  </datafield>
  <datafield tag="700" ind1="1" ind2=" ">
    <subfield code="a">Barskiy, Danila A.</subfield>
    <subfield code="0">0000-0002-2819-7584</subfield>
    <subfield code="b">4</subfield>
    <subfield code="e">Corresponding author</subfield>
  </datafield>
  <datafield tag="773" ind1=" " ind2=" ">
    <subfield code="a">10.1038/s41467-026-68779-5</subfield>
    <subfield code="g">Vol. 17, no. 1, p. 1200</subfield>
    <subfield code="0">PERI:(DE-600)2553671-0</subfield>
    <subfield code="n">1</subfield>
    <subfield code="p">1200</subfield>
    <subfield code="t">Nature Communications</subfield>
    <subfield code="v">17</subfield>
    <subfield code="y">2026</subfield>
    <subfield code="x">2041-1723</subfield>
  </datafield>
  <datafield tag="856" ind1="4" ind2=" ">
    <subfield code="y">OpenAccess</subfield>
    <subfield code="u">http://repository.gsi.de/record/366142/files/s41467-026-68779-5.pdf</subfield>
  </datafield>
  <datafield tag="856" ind1="4" ind2=" ">
    <subfield code="y">OpenAccess</subfield>
    <subfield code="x">pdfa</subfield>
    <subfield code="u">http://repository.gsi.de/record/366142/files/s41467-026-68779-5.pdf?subformat=pdfa</subfield>
  </datafield>
  <datafield tag="909" ind1="C" ind2="O">
    <subfield code="o">oai:repository.gsi.de:366142</subfield>
    <subfield code="p">openaire</subfield>
    <subfield code="p">open_access</subfield>
    <subfield code="p">OpenAPC</subfield>
    <subfield code="p">driver</subfield>
    <subfield code="p">VDB</subfield>
    <subfield code="p">openCost</subfield>
    <subfield code="p">dnbdelivery</subfield>
  </datafield>
  <datafield tag="910" ind1="1" ind2=" ">
    <subfield code="a">GSI Helmholtzzentrum für Schwerionenforschung GmbH</subfield>
    <subfield code="0">I:(DE-Ds200)20121206GSI</subfield>
    <subfield code="k">GSI</subfield>
    <subfield code="b">0</subfield>
    <subfield code="6">0000-0003-0688-5404</subfield>
  </datafield>
  <datafield tag="910" ind1="1" ind2=" ">
    <subfield code="a">GSI Helmholtzzentrum für Schwerionenforschung GmbH</subfield>
    <subfield code="0">I:(DE-Ds200)20121206GSI</subfield>
    <subfield code="k">GSI</subfield>
    <subfield code="b">1</subfield>
    <subfield code="6">0000-0002-7980-7995</subfield>
  </datafield>
  <datafield tag="910" ind1="1" ind2=" ">
    <subfield code="a">GSI Helmholtzzentrum für Schwerionenforschung GmbH</subfield>
    <subfield code="0">I:(DE-Ds200)20121206GSI</subfield>
    <subfield code="k">GSI</subfield>
    <subfield code="b">2</subfield>
    <subfield code="6">0000-0002-7667-2933</subfield>
  </datafield>
  <datafield tag="910" ind1="1" ind2=" ">
    <subfield code="a">GSI Helmholtzzentrum für Schwerionenforschung GmbH</subfield>
    <subfield code="0">I:(DE-Ds200)20121206GSI</subfield>
    <subfield code="k">GSI</subfield>
    <subfield code="b">3</subfield>
    <subfield code="6">P:(DE-Ds200)OR13031</subfield>
  </datafield>
  <datafield tag="910" ind1="1" ind2=" ">
    <subfield code="a">GSI Helmholtzzentrum für Schwerionenforschung GmbH</subfield>
    <subfield code="0">I:(DE-Ds200)20121206GSI</subfield>
    <subfield code="k">GSI</subfield>
    <subfield code="b">4</subfield>
    <subfield code="6">0000-0002-2819-7584</subfield>
  </datafield>
  <datafield tag="913" ind1="1" ind2=" ">
    <subfield code="a">DE-HGF</subfield>
    <subfield code="b">Programmungebundene Forschung</subfield>
    <subfield code="l">ohne Programm</subfield>
    <subfield code="1">G:(DE-HGF)POF4-890</subfield>
    <subfield code="0">G:(DE-HGF)POF4-899</subfield>
    <subfield code="3">G:(DE-HGF)POF4</subfield>
    <subfield code="2">G:(DE-HGF)POF4-800</subfield>
    <subfield code="4">G:(DE-HGF)POF</subfield>
    <subfield code="v">ohne Topic</subfield>
    <subfield code="x">0</subfield>
  </datafield>
  <datafield tag="914" ind1="1" ind2=" ">
    <subfield code="y">2026</subfield>
  </datafield>
  <datafield tag="915" ind1=" " ind2=" ">
    <subfield code="a">DBCoverage</subfield>
    <subfield code="0">StatID:(DE-HGF)0150</subfield>
    <subfield code="2">StatID</subfield>
    <subfield code="b">Web of Science Core Collection</subfield>
    <subfield code="d">2025-11-10</subfield>
  </datafield>
  <datafield tag="915" ind1=" " ind2=" ">
    <subfield code="a">DBCoverage</subfield>
    <subfield code="0">StatID:(DE-HGF)1040</subfield>
    <subfield code="2">StatID</subfield>
    <subfield code="b">Zoological Record</subfield>
    <subfield code="d">2025-11-10</subfield>
  </datafield>
  <datafield tag="915" ind1=" " ind2=" ">
    <subfield code="a">DBCoverage</subfield>
    <subfield code="0">StatID:(DE-HGF)1060</subfield>
    <subfield code="2">StatID</subfield>
    <subfield code="b">Current Contents - Agriculture, Biology and Environmental Sciences</subfield>
    <subfield code="d">2025-11-10</subfield>
  </datafield>
  <datafield tag="915" ind1=" " ind2=" ">
    <subfield code="a">DBCoverage</subfield>
    <subfield code="0">StatID:(DE-HGF)0501</subfield>
    <subfield code="2">StatID</subfield>
    <subfield code="b">DOAJ Seal</subfield>
    <subfield code="d">2025-08-21T14:06:14Z</subfield>
  </datafield>
  <datafield tag="915" ind1=" " ind2=" ">
    <subfield code="a">DBCoverage</subfield>
    <subfield code="0">StatID:(DE-HGF)1030</subfield>
    <subfield code="2">StatID</subfield>
    <subfield code="b">Current Contents - Life Sciences</subfield>
    <subfield code="d">2025-11-10</subfield>
  </datafield>
  <datafield tag="915" ind1=" " ind2=" ">
    <subfield code="a">Article Processing Charges</subfield>
    <subfield code="0">StatID:(DE-HGF)0561</subfield>
    <subfield code="2">StatID</subfield>
    <subfield code="d">2025-11-10</subfield>
  </datafield>
  <datafield tag="915" ind1=" " ind2=" ">
    <subfield code="a">WoS</subfield>
    <subfield code="0">StatID:(DE-HGF)0113</subfield>
    <subfield code="2">StatID</subfield>
    <subfield code="b">Science Citation Index Expanded</subfield>
    <subfield code="d">2025-11-10</subfield>
  </datafield>
  <datafield tag="915" ind1=" " ind2=" ">
    <subfield code="a">DBCoverage</subfield>
    <subfield code="0">StatID:(DE-HGF)1150</subfield>
    <subfield code="2">StatID</subfield>
    <subfield code="b">Current Contents - Physical, Chemical and Earth Sciences</subfield>
    <subfield code="d">2025-11-10</subfield>
  </datafield>
  <datafield tag="915" ind1=" " ind2=" ">
    <subfield code="a">Fees</subfield>
    <subfield code="0">StatID:(DE-HGF)0700</subfield>
    <subfield code="2">StatID</subfield>
    <subfield code="d">2025-11-10</subfield>
  </datafield>
  <datafield tag="915" ind1=" " ind2=" ">
    <subfield code="a">DBCoverage</subfield>
    <subfield code="0">StatID:(DE-HGF)0200</subfield>
    <subfield code="2">StatID</subfield>
    <subfield code="b">SCOPUS</subfield>
    <subfield code="d">2025-11-10</subfield>
  </datafield>
  <datafield tag="915" ind1=" " ind2=" ">
    <subfield code="a">DBCoverage</subfield>
    <subfield code="0">StatID:(DE-HGF)1050</subfield>
    <subfield code="2">StatID</subfield>
    <subfield code="b">BIOSIS Previews</subfield>
    <subfield code="d">2025-11-10</subfield>
  </datafield>
  <datafield tag="915" ind1=" " ind2=" ">
    <subfield code="a">JCR</subfield>
    <subfield code="0">StatID:(DE-HGF)0100</subfield>
    <subfield code="2">StatID</subfield>
    <subfield code="b">NAT COMMUN : 2022</subfield>
    <subfield code="d">2025-11-10</subfield>
  </datafield>
  <datafield tag="915" ind1=" " ind2=" ">
    <subfield code="a">DBCoverage</subfield>
    <subfield code="0">StatID:(DE-HGF)0500</subfield>
    <subfield code="2">StatID</subfield>
    <subfield code="b">DOAJ</subfield>
    <subfield code="d">2025-08-21T14:06:14Z</subfield>
  </datafield>
  <datafield tag="915" ind1=" " ind2=" ">
    <subfield code="a">OpenAccess</subfield>
    <subfield code="0">StatID:(DE-HGF)0510</subfield>
    <subfield code="2">StatID</subfield>
  </datafield>
  <datafield tag="915" ind1=" " ind2=" ">
    <subfield code="a">DBCoverage</subfield>
    <subfield code="0">StatID:(DE-HGF)0300</subfield>
    <subfield code="2">StatID</subfield>
    <subfield code="b">Medline</subfield>
    <subfield code="d">2025-11-10</subfield>
  </datafield>
  <datafield tag="915" ind1=" " ind2=" ">
    <subfield code="a">DBCoverage</subfield>
    <subfield code="0">StatID:(DE-HGF)1190</subfield>
    <subfield code="2">StatID</subfield>
    <subfield code="b">Biological Abstracts</subfield>
    <subfield code="d">2025-11-10</subfield>
  </datafield>
  <datafield tag="915" ind1=" " ind2=" ">
    <subfield code="a">Creative Commons Attribution CC BY 4.0</subfield>
    <subfield code="0">LIC:(DE-HGF)CCBY4</subfield>
    <subfield code="2">HGFVOC</subfield>
  </datafield>
  <datafield tag="915" ind1=" " ind2=" ">
    <subfield code="a">IF >= 15</subfield>
    <subfield code="0">StatID:(DE-HGF)9915</subfield>
    <subfield code="2">StatID</subfield>
    <subfield code="b">NAT COMMUN : 2022</subfield>
    <subfield code="d">2025-11-10</subfield>
  </datafield>
  <datafield tag="915" ind1=" " ind2=" ">
    <subfield code="a">DBCoverage</subfield>
    <subfield code="0">StatID:(DE-HGF)0199</subfield>
    <subfield code="2">StatID</subfield>
    <subfield code="b">Clarivate Analytics Master Journal List</subfield>
    <subfield code="d">2025-11-10</subfield>
  </datafield>
  <datafield tag="915" ind1=" " ind2=" ">
    <subfield code="a">Peer Review</subfield>
    <subfield code="0">StatID:(DE-HGF)0030</subfield>
    <subfield code="2">StatID</subfield>
    <subfield code="b">DOAJ : Peer review</subfield>
    <subfield code="d">2025-08-21T14:06:14Z</subfield>
  </datafield>
  <datafield tag="915" ind1=" " ind2=" ">
    <subfield code="a">DBCoverage</subfield>
    <subfield code="0">StatID:(DE-HGF)0160</subfield>
    <subfield code="2">StatID</subfield>
    <subfield code="b">Essential Science Indicators</subfield>
    <subfield code="d">2025-11-10</subfield>
  </datafield>
  <datafield tag="915" ind1=" " ind2=" ">
    <subfield code="a">DBCoverage</subfield>
    <subfield code="0">StatID:(DE-HGF)0320</subfield>
    <subfield code="2">StatID</subfield>
    <subfield code="b">PubMed Central</subfield>
    <subfield code="d">2025-11-10</subfield>
  </datafield>
  <datafield tag="915" ind1="p" ind2="c">
    <subfield code="a">APC keys set</subfield>
    <subfield code="2">APC</subfield>
    <subfield code="0">PC:(DE-HGF)0000</subfield>
  </datafield>
  <datafield tag="915" ind1="p" ind2="c">
    <subfield code="a">Local Funding</subfield>
    <subfield code="2">APC</subfield>
    <subfield code="0">PC:(DE-HGF)0001</subfield>
  </datafield>
  <datafield tag="915" ind1="p" ind2="c">
    <subfield code="a">DFG OA Publikationskosten</subfield>
    <subfield code="2">APC</subfield>
    <subfield code="0">PC:(DE-HGF)0002</subfield>
  </datafield>
  <datafield tag="915" ind1="p" ind2="c">
    <subfield code="a">DEAL: Springer Nature 01.01.2024</subfield>
    <subfield code="2">APC</subfield>
    <subfield code="0">PC:(DE-HGF)0178</subfield>
  </datafield>
  <datafield tag="915" ind1="p" ind2="c">
    <subfield code="a">DOAJ Journal</subfield>
    <subfield code="2">APC</subfield>
    <subfield code="0">PC:(DE-HGF)0003</subfield>
  </datafield>
  <datafield tag="920" ind1="1" ind2=" ">
    <subfield code="0">I:(DE-Ds200)BUD-20051214OR030</subfield>
    <subfield code="k">BUD</subfield>
    <subfield code="l">Bibliothek &amp; Dokumentation GSI</subfield>
    <subfield code="x">0</subfield>
  </datafield>
  <datafield tag="980" ind1="1" ind2=" ">
    <subfield code="a">FullTexts</subfield>
  </datafield>
  <datafield tag="980" ind1=" " ind2=" ">
    <subfield code="a">journal</subfield>
  </datafield>
  <datafield tag="980" ind1=" " ind2=" ">
    <subfield code="a">VDB</subfield>
  </datafield>
  <datafield tag="980" ind1=" " ind2=" ">
    <subfield code="a">UNRESTRICTED</subfield>
  </datafield>
  <datafield tag="980" ind1=" " ind2=" ">
    <subfield code="a">I:(DE-Ds200)BUD-20051214OR030</subfield>
  </datafield>
  <datafield tag="980" ind1=" " ind2=" ">
    <subfield code="a">APC</subfield>
  </datafield>
</record>
</collection>